000 00849nab a2200253 u 4500
001 17065
003 HDC
007 cr bn ---aaaaa
008 210222c20110201xx dr|noo 0 a eng d
040 _aHDC
100 _aAnwar Ahmad
_eauthor
_916636
245 0 _aMalaysia: Halal methods can rid products of meat gelatine / by
_cAnwar Ahmad
260 _a[No place] :
_b[publisher not identified],
_c2011
336 _atext
_2rdacontent
337 _acomputer
_2rdamedia
338 _aonline resource
_2rdacarrier
650 _aHalal product
_948
650 _aMeat gelatine
_916637
710 _aHalal Focus
856 _zRequest full-text at [email protected]
942 _2lcc
942 _cNEWS
942 _kNWSO 005856
999 _c14381
_d14381